| 000 | 00891nam a22002657a 4500 | ||
|---|---|---|---|
| 001 | BR0600657 | ||
| 003 | BR-BrBNA | ||
| 005 | 20230928102053.0 | ||
| 007 | ta | ||
| 008 | 230509b bl.||||| |||| 00| 0 por d | ||
| 040 |
_aBR-BrBNA _bpor _cBiblioteca Nacional de Agricultura |
||
| 041 | _a(Por) | ||
| 072 | _aU40; F01 | ||
| 090 | _ U40 BR0600657 | ||
| 100 | 1 | _aSanches, I.D.A. | |
| 110 | 1 |
_aInstituto Nacional de Pesquisas Espaciais, São José dos Campos, SP (Brasil) _0Tese (Mestrado) |
|
| 245 | 1 |
_aSensoriamento remoto para o levantamento espectro-temporal e estimativa de área de culturas agrícolas _bINPE-10290-TDI/909 (CD-ROM) |
|
| 260 | 3 |
_aSão José dos Campos, SP (Brasil): _c2004. |
|
| 300 | _a1 CD-ROM | ||
| 650 | _aSENSORIAMENTO REMOTO | ||
| 650 | _aPRODUÇÃO VEGETAL | ||
| 650 | _aLEVANTAMENTO FISIOGRÁFICO | ||
| 909 |
_a202309 _bLucia _c55 _dLucia Elande |
||
| 942 | _cBK | ||
| 999 |
_c68998 _d68998 |
||